[Event "UKR-chT"]
[Site "Alushta"]
[Date "1998.??.??"]
[Round "?"]
[White "Gushpit, Iaroslav"]
[Black "Fedorchuk, Sergey A"]
[Result "0-1"]
[WhiteElo "2335"]
[BlackElo "2345"]

1.e4 c5 2.Nf3 d6 3.Bb5+ Nd7 4.c4 Nf6 5.Nc3 e6 6.O-O a6 7.Ba4 Be7 8.d4 cxd4
9.Qxd4 O-O 10.Bg5 Qc7 11.Bxd7 Bxd7 12.Rac1 Rfd8 13.Rfd1 Rac8 14.b3 Qa5 15.Qd2 Kf8
16.Qf4 b5 17.e5 dxe5 18.Nxe5 Be8 19.Ne4 Rxd1+ 20.Rxd1 Rd8 21.Rf1 Rd4 22.f3 bxc4
23.Nxc4 Qd8 24.Qe3 Bb5 25.Nxf6 gxf6 26.Bh6+ Ke8 27.Qe2 Qc7 28.Be3 Bxc4 29.bxc4 Rxc4
30.Kh1 Bd6 31.Bg1 Qc6 32.Rd1 Ke7 33.Qd3 h5 34.Bf2 Rc1 35.Bg3 Rxd1+ 36.Qxd1 Bxg3
37.hxg3 Qd6 38.Qe1 Qe5 39.Qf2 Kf8 40.Kg1 Kg7 41.f4 Qa1+ 42.Kh2 Qb1 43.Qe2 Qb5
44.Qf3 Qf5 45.Qa3 Qb5 46.Qf3 Qd5 47.Qe2 a5 48.a4 Kf8 49.Qc2 Qd4 50.Qc6 Qb4
51.Qc8+ Kg7 52.Qd7 h4 53.Kh3 hxg3 54.Kxg3 Qe4 55.Qd1 Qe3+ 56.Qf3 Qxf3+ 57.Kxf3 Kg6
58.Ke4 Kh5 59.Kd4 Kg4 60.Kc4 e5  0-1

[Event "UKR-chT"]
[Site "Alushta"]
[Date "1998.??.??"]
[Round "?"]
[White "Gushpit, Iaroslav"]
[Black "Askarian, Karen"]
[Result "1/2-1/2"]
[WhiteElo "2335"]
[BlackElo "2265"]

1.e4 c5 2.Nf3 d6 3.Bb5+ Bd7 4.Bxd7+ Qxd7 5.O-O Nf6 6.e5 dxe5 7.Nxe5 Qc7 8.d4 e6
9.Bf4 Bd6 10.Nc3 a6 11.Re1 Nc6 12.Ne4 Nxe4 13.Rxe4 O-O-O 14.Qh5 Bxe5 15.Bxe5 Nxe5
16.dxe5 Kb8 17.Qg5 Rhg8 18.h4 Rd5 19.c4 Rd7 20.h5 h6 21.Qg3 Qd8 22.Rae1 g5
23.Qa3 Qc7 24.Qf3 Qd8 25.a3 Qe7 26.R4e3 g4 27.Qe4 Qg5 28.b4 Rd4 29.Qh7 Rf4  1/2-1/2

[Event "UKR-chT"]
[Site "Alushta"]
[Date "1998.??.??"]
[Round "?"]
[White "Cherevatenko, Roman"]
[Black "Stets, Dmitry"]
[Result "1/2-1/2"]
[WhiteElo "2385"]
[BlackElo "2420"]

1.e4 c5 2.Nf3 d6 3.Bb5+ Nd7 4.c3 Nf6 5.Qe2 a6 6.Ba4 e5 7.O-O Be7 8.d4 O-O
9.Bc2 Re8 10.a4 b6 11.dxe5 Nxe5 12.Nxe5 dxe5 13.c4 Bg4 14.f3 Be6 15.Rd1 Qb8
16.Nc3 a5 17.Be3 Ra7 18.g3 h6 19.Rf1 Bd8 20.Rad1 Rd7 21.Bd3 Bc7 22.b3 Rdd8
23.Rf2 Qa8 24.h4 Nh5  1/2-1/2

[Event "UKR-chT"]
[Site "Alushta"]
[Date "1998.??.??"]
[Round "?"]
[White "Kirnos, Evgeni"]
[Black "Fedorchuk, Sergey A"]
[Result "0-1"]
[WhiteElo "2310"]
[BlackElo "2345"]

1.e4 c5 2.Nf3 d6 3.Bb5+ Nd7 4.O-O a6 5.Bxd7+ Bxd7 6.d4 cxd4 7.Qxd4 Nf6 8.Bg5 h6
9.Bxf6 gxf6 10.Nc3 e6 11.Rad1 Rg8 12.Kh1 Be7 13.Rfe1 Qc7 14.Rd3 Qc5 15.Rde3 Bd8
16.Qd2 Bc7 17.a3 Qh5 18.e5 fxe5 19.Ne4 Ke7 20.Rd1 Bc6 21.Ng3 Qg4 22.Rc3 Qf4
23.Qe2 Rac8 24.h3 d5 25.Nh5 Qe4 26.Re3 Qg6 27.Ng3 e4 28.Nd4 f5 29.c4 f4 30.cxd5 Bxd5
31.Rc3 fxg3 32.f3 exf3 33.Nxf3 Kd7 34.Rxc7+ Kxc7 35.Qe5+ Kd7 36.Qf4 Qc2 37.Ne5+ Kd8
38.Nf7+ Ke7 39.Qd6+ Kxf7 40.Rf1+ Kg7 41.Qe7+ Kh8 42.Qf6+ Rg7 43.Qxh6+ Qh7
44.Qe3 Qxh3+  0-1

[Event "BEL-chT 9798"]
[Site "Antwerp"]
[Date "1998.??.??"]
[Round "9"]
[White "Coenen, Norbert"]
[Black "Van Gaalen, Bas"]
[Result "1-0"]
[WhiteElo "2335"]
[BlackElo "2335"]

1.e4 c5 2.Nf3 d6 3.Bb5+ Nd7 4.O-O Nf6 5.Re1 a6 6.Bf1 b6 7.c3 Bb7 8.d3 e5
9.Nbd2 Be7 10.g3 O-O 11.Bh3 g6 12.a4 Ne8 13.d4 cxd4 14.cxd4 exd4 15.Nxd4 Bf6
16.Nf1 Nc5 17.Bh6 Ng7 18.f3 Re8 19.b4 Nce6 20.Nxe6 Nxe6 21.Rc1 d5 22.e5 Bh8
23.Qd3 a5 24.f4 axb4 25.Ne3 Nc5 26.Qb5 Ra5 27.Qxb4 Rxa4 28.Qb1 d4 29.Red1 Qc7
30.Qb5 Rea8 31.Nc4 Bf3 32.Nxb6 Bxd1 33.Nxa8 Rxa8 34.Qxc5 Qxc5 35.Rxc5 d3
36.Kf2 Bg7 37.Bxg7 Kxg7 38.Ke3 Rd8 39.Kd2 Bb3 40.Rc3 Bc2 41.Bf1 Ra8 42.Bxd3 Bxd3
43.Kxd3 Ra7  1-0

[Event "Arco op"]
[Site "Arco"]
[Date "1998.??.??"]
[Round "5"]
[White "Schweiger, Georg"]
[Black "Prelati, Maurizio"]
[Result "0-1"]
[WhiteElo "2200"]
[BlackElo "2110"]

1.e4 c5 2.Nf3 d6 3.Bb5+ Nd7 4.d4 Nf6 5.e5 Qa5+ 6.Nc3 Ne4 7.Bd2 Nxc3 8.Bxd7+ Bxd7
9.Bxc3 Qa6 10.Ng5 dxe5 11.dxc5 f6 12.Nf7 Rg8 13.Qd5 Be6 14.Nd6+ Qxd6 15.Qxb7 Qd5
16.c6 Rc8 17.O-O Qxc6 18.Qxa7 h5 19.f4 exf4 20.Rae1 Bd5 21.Bb4 e5  0-1

[Event "AUT-chT2O 9798"]
[Site "Austria"]
[Date "1998.??.??"]
[Round "13"]
[White "Schirmbeck, Hannes"]
[Black "Schuh, Franz"]
[Result "0-1"]
[WhiteElo "2150"]
[BlackElo "2260"]

1.e4 c5 2.Nf3 d6 3.Bb5+ Nc6 4.O-O e6 5.d4 cxd4 6.Qxd4 Bd7 7.Bxc6 Bxc6 8.c4 Nf6
9.Nc3 Be7 10.b3 O-O 11.Bb2 a6 12.Qe3 Qb8 13.Nd4 Rc8 14.Nxc6 Rxc6 15.Qe2 Qc7
16.Rac1 Rc8 17.Rfe1 Qa5 18.a3 Qh5 19.h3 Qxe2 20.Nxe2 Nd7 21.Nd4 R6c7 22.Rcd1 Nc5
23.f4 Bf6 24.Re3 Rd7 25.a4 e5 26.Nf5 exf4 27.Bxf6 fxe3 28.Ne7+ Rxe7 29.Bxe7 Nxe4
30.Bh4 f5 31.Be1 Re8 32.Rd4 Re6 33.b4 Kf7 34.a5 g5 35.Kf1 f4 36.Ke2 Kf6 37.Kf3 Kf5
38.b5 h5 39.bxa6 g4+ 40.hxg4+ hxg4+ 41.Ke2 bxa6 42.Rd5+ Re5 43.Rd4 Ng5 44.Bc3 f3+
45.gxf3 gxf3+  0-1

[Event "AUT-chT 9899"]
[Site "AUT"]
[Date "1998.??.??"]
[Round "?"]
[White "Topakian, Raffi"]
[Black "Hoelzl, Franz"]
[Result "0-1"]
[WhiteElo "2340"]
[BlackElo "2420"]

1.e4 c5 2.Nf3 d6 3.Bb5+ Bd7 4.c4 Nc6 5.d4 cxd4 6.Nxd4 g6 7.O-O Bg7 8.Bxc6 bxc6
9.Nc3 Qb6 10.Nde2 Nf6 11.Rb1 O-O 12.h3 c5 13.Be3 Qb7 14.f3 a5 15.Nf4 Bc6
16.g4 Nd7 17.Qe2 Rfb8 18.Rfc1 Ne5 19.Nd3 a4 20.Nxe5 Bxe5 21.Qd3 Qa7 22.Ne2 Bxb2
23.Rf1 Bg7 24.Nc3 a3 25.Nb5 Bxb5 26.cxb5 Bb2 27.e5 Bxe5 28.Rb3 Qa4 29.Rc1 Bf4
30.Kg2 Bxe3 31.Rc4 Qa5 32.Qxe3 Rxb5  0-1

[Event "AUT-chT 9899"]
[Site "AUT"]
[Date "1998.??.??"]
[Round "?"]
[White "Bawart, Markus"]
[Black "Neumeier, Klaus"]
[Result "1/2-1/2"]
[WhiteElo "2330"]
[BlackElo "2255"]

1.e4 c5 2.Nf3 d6 3.Bb5+ Nc6 4.O-O Bd7 5.Re1 Nf6 6.c3 a6 7.Bf1 Bg4 8.h3 Bh5
9.d3 e6 10.Nbd2 Be7  1/2-1/2

[Event "AUT-chT 9899"]
[Site "AUT"]
[Date "1998.??.??"]
[Round "?"]
[White "Grundherr, Martin"]
[Black "Schumi, Manfred"]
[Result "1/2-1/2"]
[WhiteElo "2340"]
[BlackElo "2260"]

1.e4 c5 2.Nf3 d6 3.Bb5+ Nd7 4.O-O Nf6 5.Re1 a6 6.Bf1 b6 7.c4 Bb7 8.Nc3 Ne5
9.d4 Nxf3+ 10.gxf3 cxd4 11.Qxd4 e5 12.Qd1 Be7 13.f4 O-O 14.f5 Rc8 15.a4 Kh8
16.Re3 Rc7 17.b3 g6 18.fxg6 fxg6 19.Be2 Nd7 20.Rg3 Bh4 21.Rf3 Nc5 22.Rxf8+ Qxf8
23.f3 Rf7 24.Be3 Qe7 25.Nd5  1/2-1/2

[Event "AUT-chT2O 9899"]
[Site "AUT"]
[Date "1998.??.??"]
[Round "2"]
[White "Rudolf, Herbert"]
[Black "Bachmayer, Josef"]
[Result "1/2-1/2"]
[WhiteElo "2190"]
[BlackElo "2160"]

1.e4 c5 2.Nf3 d6 3.Bb5+ Nc6 4.O-O Bd7 5.c3 a6 6.Bxc6 Bxc6 7.Re1 Nf6 8.d4 Bxe4
9.Bg5 Bd5 10.Bxf6 gxf6 11.Nbd2 cxd4 12.c4 Bc6 13.Nxd4 Qd7 14.Nxc6 Qxc6 15.b4 f5
16.a4 Bg7 17.Ra3 Be5 18.c5 Rg8 19.g3 Rg4 20.Qb3 f4 21.Nc4 fxg3 22.hxg3 O-O-O
23.Na5 Qc7 24.c6 bxc6 25.Qf3 Rdg8 26.Nxc6 Rxg3+ 27.fxg3 Rxg3+ 28.Qxg3 Bxg3
29.Nxe7+ Kd7 30.Rxg3 Qb6+ 31.Rge3 Qxb4 32.Nf5 Qg4+ 33.Ng3 Qxa4 34.Re7+ Kc6
35.Rc1+ Kd5 36.Ne4 Qd4+ 37.Nf2 Qf6 38.Rd1+ Kc6 39.Rc1+ Kd5 40.Rd1+ Kc6  1/2-1/2

[Event "Bayern-ch Bank Hofmann 2nd"]
[Site "Bad Wiesse"]
[Date "1998.??.??"]
[Round "6"]
[White "Cladouras, Panagiotis"]
[Black "Lauterbach, Ingrid"]
[Result "0-1"]
[WhiteElo "2360"]
[BlackElo "2170"]

1.e4 c5 2.Nf3 d6 3.Bb5+ Bd7 4.Bxd7+ Qxd7 5.c4 Nf6 6.d3 Nc6 7.Nc3 g6 8.O-O Bg7
9.h3 O-O 10.Be3 Rac8 11.Qd2 e6 12.Rab1 Rfd8 13.Bg5 Re8 14.a3 a6 15.b4 cxb4
16.axb4 Qc7 17.b5 Ne7 18.bxa6 bxa6 19.Rfc1 Ra8 20.Qa2 Nc6 21.Be3 Reb8 22.Na4 Nd7
23.d4 Rxb1 24.Rxb1 Rb8 25.Rxb8+ Qxb8 26.d5 Nb4 27.Qb3 exd5 28.exd5 a5 29.Nd4 Ne5
30.f4 Ned3 31.Nc6 Qe8 32.Bd2 Qe4 33.Nxb4 axb4 34.Bxb4 Nxf4 35.Qa2 Ne2+ 36.Kh1 Be5  0-1

[Event "Bagneux"]
[Site "Bagneux"]
[Date "1998.??.??"]
[Round "8"]
[White "Eusebe, Aurelien"]
[Black "Bartha, Sandor"]
[Result "1-0"]
[WhiteElo "2170"]
[BlackElo "2265"]

1.e4 c5 2.Nf3 d6 3.Bb5+ Bd7 4.Bxd7+ Nxd7 5.O-O g6 6.c3 Bg7 7.d4 Qc7 8.Qe2 e6
9.Bf4 e5 10.dxe5 dxe5 11.Bg5 h6 12.Be3 Ne7 13.Nfd2 O-O 14.a4 f5 15.f3 f4
16.Bf2 b6 17.a5 Kh7 18.Na3 Qc6 19.Rfd1 Rfd8 20.Qa6 g5 21.Ndc4 Nf8 22.axb6 Qg6
23.Nc2 g4 24.b7 Rxd1+ 25.Rxd1 Qxa6 26.bxa8=Q Qxc4 27.Qd8 Neg6 28.Qd5 Qb5
29.b4 Qa4 30.Rd2 cxb4 31.cxb4 gxf3 32.gxf3 Qe8 33.Ne1 a6 34.Qb7 Qa4 35.Rd6 Qb3
36.Rxa6 Ne6 37.Qd5 Qxd5 38.exd5 Nd4 39.Bxd4 exd4 40.Nd3 Kg8 41.Rxg6  1-0

[Event "Landesliga Nord9798"]
[Site "Bayern"]
[Date "1998.??.??"]
[Round "?"]
[White "Steibl, Hans Dieter"]
[Black "Seubert, Karl"]
[Result "0-1"]
[WhiteElo "2010"]
[BlackElo "1895"]

1.e4 c5 2.Nf3 d6 3.Bb5+ Bd7 4.Bxd7+ Qxd7 5.O-O Nc6 6.c3 Nf6 7.d4 cxd4 8.cxd4 e5
9.d5 Ne7 10.Nc3 Ng6 11.Ne1 Be7 12.Nd3 O-O 13.f3 Nh5 14.g4 Nhf4 15.Bxf4 Nxf4
16.Nxf4 exf4 17.Qd2 g5 18.Rfc1 Bf6 19.Rc2 Rfc8 20.Rac1 Rc5 21.Ne2 Rxc2 22.Qxc2 Qb5
23.b3 Qb6+ 24.Kg2 Qe3 25.Rd1 Kg7 26.Rd3 Rc8 27.Qd2 Qc5 28.Nd4 Bxd4 29.Rxd4 Qc2
30.Kf2 b5 31.Ke2 Qb1 32.Qa5 Qg1  0-1

[Event "Oberliga Bayern9798"]
[Site "Bayern"]
[Date "1998.??.??"]
[Round "?"]
[White "Vojtech, Jaroslav"]
[Black "Gaso, Robert"]
[Result "1/2-1/2"]
[WhiteElo "2180"]
[BlackElo "2180"]

1.e4 c5 2.Nf3 d6 3.Bb5+ Bd7 4.Bxd7+ Qxd7 5.O-O Nc6 6.c3 Nf6 7.Re1 e6 8.d4 cxd4
9.cxd4 Be7 10.Nc3 O-O 11.Bf4 Rfe8 12.Rc1 a6 13.h3 h6 14.Bg3 Nh5 15.Bh2 Nf6
16.Bg3 Nh5 17.Bh2  1/2-1/2

[Event "Oberliga Bayern9798"]
[Site "Bayern"]
[Date "1998.??.??"]
[Round "?"]
[White "Wimmer, Herbert"]
[Black "Taeger, Winfried"]
[Result "1/2-1/2"]
[WhiteElo "2140"]
[BlackElo "2245"]

1.e4 c5 2.Nf3 d6 3.Bb5+ Nd7 4.d4 cxd4 5.Qxd4 Nf6 6.Bg5 e6 7.e5 dxe5 8.Nxe5 Be7
9.Nxd7 Bxd7 10.Bxd7+ Qxd7 11.Qxd7+ Kxd7 12.Nc3 Rhd8 13.Rd1+  1/2-1/2

[Event "Oberliga Bayern9798"]
[Site "Bayern"]
[Date "1998.??.??"]
[Round "?"]
[White "Klundt, Klaus"]
[Black "Seitz, Michael"]
[Result "0-1"]
[WhiteElo "2335"]
[BlackElo "2195"]

1.e4 c5 2.Nf3 d6 3.Bb5+ Bd7 4.Bxd7+ Nxd7 5.O-O Ngf6 6.Re1 e6 7.c3 Be7 8.d4 cxd4
9.cxd4 d5 10.e5 Ne4 11.Nbd2 Nxd2 12.Bxd2 O-O 13.Rc1 b5 14.Qb3 Qb6 15.Bb4 Bxb4
16.Qxb4 Rad8 17.Rc2 Rc8 18.Rec1 Rc4 19.Qd2 Rfc8 20.b3 R4c7 21.h4 a5 22.h5 h6
23.g4 b4 24.Rxc7 Rxc7 25.g5 hxg5 26.Rxc7 Qxc7 27.Qxg5 Qc2 28.h6 Qh7 29.Qd8+ Nf8
30.hxg7 Qg6+ 31.Kf1 Kxg7 32.Ng5 Qf5 33.Kg2 Ng6 34.Nh3 Qg4+ 35.Kh2 Nh4 36.Qf6+ Kg8
37.Qg5+ Qxg5 38.Nxg5 Kg7 39.Kh3 Nf5 40.Nf3 Ne7 41.Kg4 Nc6 42.Kf4 Kg6 43.Ke3 Na7
44.Ne1 Kf5 45.Nc2 Nb5 46.Kf3 Kg5 47.Kg3 Nc3 48.f4+ Kg6 49.Kg4 Nxa2 50.Ne3 Nc3
51.f5+ exf5+ 52.Nxf5 a4  0-1

[Event "Regionalliga SW9798"]
[Site "Bayern"]
[Date "1998.??.??"]
[Round "?"]
[White "Reiter, Marcus"]
[Black "Christensen, Niels"]
[Result "0-1"]
[WhiteElo "2095"]
[BlackElo "2005"]

1.e4 c5 2.Nf3 d6 3.Bb5+ Bd7 4.Bxd7+ Qxd7 5.O-O Nc6 6.c3 Nf6 7.Re1 e6 8.d4 cxd4
9.Nxd4 Be7 10.Bg5 Rc8 11.Qa4 Nxe4 12.Bxe7 Nc5 13.Qa3 Nxe7 14.Qxa7 O-O 15.Nb3 Qc6
16.Nd4 Qc7 17.Nb3 Qd7 18.Na3 Nd5 19.Nc4 Ra8 20.Nb6 Nxb6 21.Qxb6 Ra6 22.Qc7 Qb5  0-1

[Event "Regionalliga NW9899"]
[Site "Bayern"]
[Date "1998.??.??"]
[Round "?"]
[White "Reis, Thomas"]
[Black "Bahlke, Wolfgang"]
[Result "1/2-1/2"]
[WhiteElo "2120"]
[BlackElo "2015"]

1.e4 c5 2.Nf3 d6 3.Bb5+ Nd7 4.O-O a6 5.Bxd7+ Bxd7 6.d4 cxd4 7.Qxd4 e5 8.Qd3 h6
9.Rd1 Nf6 10.Nc3 Rc8 11.a4 Be7 12.Be3 Qa5 13.Bd2 Qc7 14.Be3 Be6 15.Nd2 O-O
16.a5 Qc6 17.f3 d5 18.exd5 Nxd5 19.Nxd5 Bxd5 20.c4 Bxc4 21.Nxc4 Qxc4 22.Qxc4 Rxc4
23.Rd7 Bc5 24.Bxc5 Rxc5 25.Rxb7  1/2-1/2

[Event "Beersheba-St Petersburg"]
[Site "Beersheba"]
[Date "1998.??.??"]
[Round "9"]
[White "Golod, Vitali"]
[Black "Lugovoi, Aleksei"]
[Result "1/2-1/2"]
[WhiteElo "2535"]
[BlackElo "2540"]

1.e4 c5 2.Nf3 d6 3.Bb5+ Bd7 4.Bxd7+ Qxd7 5.c4 Nf6 6.Nc3 Nc6 7.d4 cxd4 8.Nxd4 e6
9.O-O Be7 10.b3 O-O 11.Bb2 Rfd8 12.Re1 Ne8 13.Nxc6 Qxc6 14.Re3 Bf6 15.Qe2 Be5
16.Rd1 a6 17.a4 Nf6 18.a5  1/2-1/2

[Event "JUG-ch51 (Women)"]
[Site "Belgrade"]
[Date "1998.??.??"]
[Round "2"]
[White "Maric, Mirjana"]
[Black "Vuksanovic, Sanja"]
[Result "0-1"]
[WhiteElo "2280"]
[BlackElo "2310"]

1.e4 c5 2.Nf3 d6 3.Bb5+ Nc6 4.O-O Bd7 5.Re1 e5 6.c3 g5 7.Bxc6 Bxc6 8.d4 g4
9.Nfd2 h5 10.Na3 Ne7 11.Nf1 Ng6 12.dxc5 dxc5 13.Qxd8+ Rxd8 14.Ng3 f6 15.Nc2 Kf7
16.b3 Nf4 17.c4 Ne6 18.Ba3 h4 19.Nf1 Ng5 20.Nce3 Bxe4 21.Nxg4 h3 22.Bc1 hxg2
23.Bxg5 gxf1=Q+ 24.Kxf1 Bd3+ 25.Kg1 Rg8 26.h4 fxg5 27.Nxe5+ Kf6 28.Ng4+ Kf5
29.Ne3+ Kg6 30.hxg5 Kxg5 31.f3 Bg7 32.Rad1 Bc3 33.f4+ Kf6+ 34.Kh2 Bxe1 35.Rxe1 Be4
36.Kh3 Bf5+ 37.Kh2 Rd2+  0-1

[Event "Besancon op"]
[Site "Besancon"]
[Date "1998.??.??"]
[Round "?"]
[White "Berend, Elvira S"]
[Black "Inkiov, Ventzislav"]
[Result "0-1"]
[WhiteElo "2495"]
[BlackElo "2345"]

1.e4 c5 2.Nf3 d6 3.Bb5+ Bd7 4.Bxd7+ Nxd7 5.O-O Ngf6 6.Qe2 e6 7.b3 Be7 8.Bb2 O-O
9.d4 cxd4 10.Nxd4 Nc5 11.Nd2 a6 12.a4 Re8 13.Kh1 Bf8 14.N4f3 e5 15.a5 Qc7
16.Ne1 Qc6 17.f3 d5 18.exd5 Nxd5 19.Nc4 Nf4 20.Qe3 f6 21.Ba3 Rad8 22.Qf2 Rd4
23.g3 Nfe6 24.Ng2 Rdd8 25.Rae1 Nd4 26.Nge3 Nce6 27.Bxf8 Rxf8 28.Ng2 Ng5 29.Nh4 e4
30.fxe4 Nxe4 31.Qg2 Rfe8 32.Nf3 Nxf3  0-1

[Event "Biel op"]
[Site "Biel"]
[Date "1998.??.??"]
[Round "1"]
[White "Cherniaev, Alexander"]
[Black "Bucher, Denis"]
[Result "1-0"]
[WhiteElo "2465"]
[BlackElo "2115"]

1.e4 c5 2.Nf3 d6 3.Bb5+ Nd7 4.c3 Nf6 5.Qe2 Qc7 6.O-O a6 7.Ba4 c4 8.Bc2 b5
9.b3 Bb7 10.bxc4 bxc4 11.Na3 Rc8 12.Rb1 Nb6 13.Bb2 e6 14.d4 cxd3 15.Bxd3 Ra8
16.c4 Nbd7 17.c5 Nxc5 18.Rfc1 e5 19.Nd2 Qd8 20.Nac4 Be7 21.Ba3 Nfd7 22.Nb3 Qc7
23.Nca5 Bc8 24.Bc4 Nb6 25.Nxc5 dxc5 26.Bb3 Bd7 27.Qe3 Rc8 28.Nc4 Nxc4 29.Bxc4 Qa5
30.Rb7 Rd8 31.Ra7 Bc8 32.Rxe7+ Kxe7 33.Bxc5+ Ke8 34.Bb6 Qd2 35.Bxd8 Qxe3
36.fxe3 Kxd8 37.Bxf7 Bb7 38.Bd5 Bxd5 39.exd5 Kd7 40.Rc6 Rb8 41.Rxa6 Rb2 42.Re6 Rxa2
43.Rxe5 g6 44.Re6 Rd2 45.e4 Re2 46.Kf1 Rd2 47.Kg1 Re2 48.h3 Rd2 49.Kh2 Rd3
50.h4 Re3 51.g3 Rf3 52.Kh3 Rf1 53.Kg4 Rf2 54.Ra6 Re2 55.Kf4  1-0

[Event "Biel"]
[Site "Biel"]
[Date "1998.??.??"]
[Round "3"]
[White "Peptan, Corina"]
[Black "Gallagher, Joseph G"]
[Result "1-0"]
[WhiteElo "2410"]
[BlackElo "2490"]

1.e4 c5 2.Nf3 d6 3.Bb5+ Bd7 4.Bxd7+ Qxd7 5.c4 Nc6 6.O-O g6 7.d4 cxd4 8.Nxd4 Bg7
9.Ne2 Nf6 10.Nbc3 O-O 11.f3 e6 12.Bg5 a6 13.Qd2 Na5 14.b3 b5 15.cxb5 axb5
16.Rad1 Ne8 17.Qd3 Rb8 18.Bf4 Rb6 19.Rd2 f5 20.e5 d5 21.Be3 Rb8 22.f4 Rf7
23.Nd4 Nc7 24.Nf3 Bf8 25.Ne2 Na6 26.Bd4 Nc6 27.h4 Nxd4 28.Nexd4 Nc5 29.Qe3 Ne4
30.Rc2 Bc5 31.Rfc1 Ba3 32.Rd1 Rff8 33.b4 Bxb4 34.Nc6 Be7 35.Nxb8 Rxb8 36.Rdc1 Bd8
37.Rc6 b4 38.Kh2 Nc3 39.R1xc3 bxc3 40.Qxc3 Ba5 41.Qc2 Rb4 42.Rd6 Qc7 43.Rc6 Qd7
44.Kg3 Bb6 45.a3 Rb2 46.Rc8+  1-0

[Event "Biel"]
[Site "Biel"]
[Date "1998.??.??"]
[Round "5"]
[White "Marciano, David"]
[Black "Gallagher, Joseph G"]
[Result "1/2-1/2"]
[WhiteElo "2485"]
[BlackElo "2490"]

1.e4 c5 2.Nf3 d6 3.Bb5+ Bd7 4.Bxd7+ Qxd7 5.c4 Nf6 6.Nc3 Nc6 7.O-O g6 8.d4 cxd4
9.Nxd4 Bg7 10.Nc2 O-O 11.f3 e6 12.Bg5 h6 13.Be3 Rad8 14.Qd2 d5 15.cxd5 exd5
16.Bxh6 dxe4 17.Qxd7 Rxd7 18.Bxg7 Kxg7 19.fxe4 Rd2 20.Rf2 Rfd8 21.Raf1 Rxf2
22.Rxf2 b5 23.Nxb5 Rd1+ 24.Rf1 Rd2  1/2-1/2

[Event "Biel op"]
[Site "Biel"]
[Date "1998.??.??"]
[Round "5"]
[White "Balenovic, Zvonimir"]
[Black "Nemet, Ivan"]
[Result "1/2-1/2"]
[WhiteElo "2295"]
[BlackElo "2380"]

1.e4 c5 2.Nf3 d6 3.Bb5+ Bd7 4.Bxd7+ Qxd7 5.O-O Nc6 6.c3 Nf6 7.Re1 e6 8.d4 cxd4
9.cxd4 d5 10.e5 Ne4 11.Nbd2 Nxd2 12.Bxd2 Be7 13.Rc1 O-O 14.a3 h6 15.Qb3 a5
16.g4 f6 17.Qd3 fxe5 18.Nxe5 Nxe5 19.Rxe5 Bd6 20.Re2 Rf6 21.g5 hxg5 22.Bxg5 Rf5
23.Bh4 Raf8 24.Bg3 Bf4 25.Rce1 R8f6 26.Kg2 Qf7 27.Qc2 Qh5 28.Rxe6 Rxe6 29.Rxe6 Bxg3
30.hxg3 Qf3+ 31.Kg1 Rh5 32.Qc8+ Kh7 33.Qc2+ Kg8 34.Qc8+  1/2-1/2

[Event "Biel op"]
[Site "Biel"]
[Date "1998.??.??"]
[Round "11"]
[White "Balenovic, Zvonimir"]
[Black "Bucher, Denis"]
[Result "0-1"]
[WhiteElo "2295"]
[BlackElo "2115"]

1.e4 c5 2.Nf3 d6 3.Bb5+ Nd7 4.c3 Nf6 5.d3 a6 6.Ba4 b5 7.Bc2 Bb7 8.O-O e5
9.a4 Be7 10.Re1 O-O 11.Nbd2 Qc7 12.d4 Rfe8 13.d5 c4 14.Nf1 Nc5 15.Ng3 h6
16.h3 Bf8 17.Nf5 Kh7 18.g4 g6 19.Ng3 Nfd7 20.Kg2 bxa4 21.Bxa4 Nxa4 22.Rxa4 Nc5
23.Ra2 Nd3 24.Rh1 Bc8 25.Be3 Bd7 26.Qd2 Bg7 27.Rha1 a5 28.Ne1 Nc5 29.Bxc5 Qxc5
30.Nc2 Bf6 31.Qe3 Qc7 32.Qf3 Kg7 33.Rh1 Bh4 34.Nf1 Rec8 35.Nfe3 Qc5 36.Na3 Ba4
37.Raa1 Bb3 38.Nb1 Bg5 39.Nd2 a4 40.h4 Bf4 41.g5 hxg5 42.hxg5 Rh8 43.Nxb3 cxb3
44.Rxh8 Rxh8 45.Rxa4 Rh2+ 46.Kg1 Rh5 47.Nf5+ Kh7 48.Ng3 Rxg5 49.Kg2 Kg7 50.Rb4 Qc8
51.Rxb3 Bxg3 52.fxg3 Rh5 53.Rb6 Qc7 54.Rb4 Qc8 55.Ra4 Qd7 56.Ra1 Qh3+ 57.Kf2 Qd7
58.Rd1 Rh3 59.Rf1 Kg8 60.Kg2 Rh5 61.b4 Qh3+ 62.Kf2 f5 63.Qg2 Qg4 64.Kg1 Rh3
65.Rf3 fxe4 66.Re3 Qd1+ 67.Kf2 Rh7 68.g4 Qd2+ 69.Re2 Rf7+ 70.Kg1 Qc1+  0-1

[Event "Biel"]
[Site "Biel"]
[Date "1998.??.??"]
[Round "11"]
[White "Marciano, David"]
[Black "Peptan, Corina"]
[Result "1-0"]
[WhiteElo "2485"]
[BlackElo "2410"]

1.e4 c5 2.Nf3 d6 3.Bb5+ Nd7 4.d4 cxd4 5.Qxd4 e5 6.Qd3 Be7 7.Nc3 Nf6 8.Bg5 O-O
9.Bxd7 Bxd7 10.Bxf6 Bxf6 11.Qxd6 Bc6 12.Qxd8 Rfxd8 13.a4 Re8 14.Ke2 Bd8 15.Rhd1 Rc8
16.a5 g6 17.g4 f6 18.Ra2 Be7 19.b3 Kf7 20.Nd5 Bb5+ 21.Ke1 Bf8 22.c4 Bc6 23.Kf1 Bc5
24.Rb2 h5 25.gxh5 gxh5 26.Nh4 Bd4 27.Rbd2 Bd7 28.Ne3 Bh3+ 29.Ke2 Bc3 30.Rd3 Bb4
31.Nef5 Bg4+ 32.f3 Bxf5 33.Nxf5 Kf8 34.Rd7 Bxa5 35.Nd6 b5 36.Rf7+ Kg8 37.Rg1+ Kh8
38.Rxf6 Kh7 39.Nf5  1-0

[Event "Bled op"]
[Site "Bled"]
[Date "1998.??.??"]
[Round "1"]
[White "Turner, Jan"]
[Black "Balinov, Ilija"]
[Result "1/2-1/2"]
[WhiteElo "2300"]
[BlackElo "2485"]

1.e4 c5 2.Nf3 d6 3.Bb5+ Nd7 4.c3 Nf6 5.d3 e5 6.O-O Be7 7.Nbd2 a6 8.Ba4 O-O
9.Re1 Qc7 10.Nf1 b5 11.Bc2 Re8 12.Ng3 Bf8 13.d4 g6 14.h3 Bb7 15.d5 Bg7 16.Be3 Nb6
17.b3 Kh8 18.Qd2 Ng8 19.Bd3 Re7 20.a4 Rf8 21.axb5 axb5 22.Bxb5 f5 23.Bg5 Ref7
24.exf5 gxf5 25.Bh4 Bxd5 26.Ng5 Rf6 27.Ra6 Rh6 28.Rxb6 Qxb6 29.Qxd5 Qxb5
30.Nf7+ Rxf7  1/2-1/2

[Event "Bled op"]
[Site "Bled"]
[Date "1998.??.??"]
[Round "3"]
[White "Srebrnic, Vojko"]
[Black "Stocek, Jiri"]
[Result "0-1"]
[WhiteElo "2235"]
[BlackElo "2450"]

1.e4 c5 2.Nf3 d6 3.Bb5+ Nd7 4.d4 Nf6 5.e5 cxd4 6.Qxd4 dxe5 7.Nxe5 a6 8.Nxd7 axb5
9.Nxf6+ gxf6 10.Qxd8+ Kxd8 11.Nc3 Bd7 12.Be3 e6 13.O-O Bc6 14.a3 Rg8 15.f3 Bd6
16.Ne4 Bxe4 17.fxe4 Be5 18.Rad1+ Ke8 19.Bd4 Rg4 20.Bxe5 fxe5 21.Rfe1 Ra4
22.Rd6 b4 23.h3 Rf4 24.g3 Rf6 25.axb4 Rxb4 26.b3 Rd4 27.Rxd4 exd4 28.Rf1 Ke7
29.Rf4 Rxf4 30.gxf4 f5 31.exf5 exf5 32.Kf2 Kd6 33.Ke2 Kd5 34.Kd3 h5  0-1

[Event "Bled op"]
[Site "Bled"]
[Date "1998.??.??"]
[Round "3"]
[White "Golubovic, Boris"]
[Black "Bukic, Enver"]
[Result "1/2-1/2"]
[WhiteElo "2450"]
[BlackElo "2385"]

1.e4 c5 2.Nf3 d6 3.Bb5+ Bd7 4.Bxd7+ Qxd7 5.O-O Nc6 6.b3 Nf6 7.Qe2 g6 8.Bb2 Bg7
9.e5 dxe5 10.Nxe5 Nxe5 11.Bxe5 O-O 12.Nc3 Rac8 13.Rfe1 Rfe8 14.a4 a6 15.d3 Rc6
16.Ne4 Nxe4 17.Qxe4 Re6 18.Qf4 Rc8 19.Bxg7 Kxg7 20.Rxe6 Qxe6 21.Qe3 Qf6 22.Re1 e6
23.Qe5 Qxe5 24.Rxe5 b5 25.axb5 axb5 26.Kf1 Kf6 27.Re4 h5 28.Ke2 Ke7 29.Kd2 Rd8
30.h4 Rd5 31.g3 Rf5 32.f4 Kd6 33.b4 cxb4 34.Rxb4 Kc6 35.c3 e5 36.fxe5 Rxe5
37.Rf4 f5 38.Rd4 Re8 39.Rb4 Re7 40.c4 bxc4 41.Rxc4+ Kd5 42.Ra4 Re6 43.Ra5+ Kd4
44.Ra4+ Kd5 45.Ra5+ Kd4  1/2-1/2

[Event "Bled op"]
[Site "Bled"]
[Date "1998.??.??"]
[Round "3"]
[White "Drei, Andrea"]
[Black "Pavasovic, Dusko"]
[Result "0-1"]
[WhiteElo "2320"]
[BlackElo "2505"]

1.e4 c5 2.Nf3 d6 3.Bb5+ Nd7 4.d4 Nf6 5.Nc3 a6 6.Bxd7+ Nxd7 7.O-O e6 8.dxc5 Nxc5
9.Be3 Qc7 10.Qd4 b6 11.Rad1 Bb7 12.a4 Rc8 13.Nd2 Nd7 14.Ne2 Qc6 15.b3 d5
16.exd5 Qxd5 17.Qxd5 Bxd5 18.c4 Bb7 19.Ng3 h5 20.f3 h4 21.Nge4 h3 22.g4 Be7
23.Bf4 e5 24.Be3 f6 25.Nb1 Bxe4 26.fxe4 Nc5 27.Nc3 Nxb3 28.Rb1 Na5 29.Bxb6 Nxc4
30.Nd5 Nd2 31.Rbc1 Kf7 32.Rfd1 Nxe4 33.Kf1 Ba3 34.Rxc8 Rxc8 35.Nc7 Kg6 36.Rd7 Bc5
37.a5 Bb4 38.Ke2 Nc3+ 39.Kd3 Na4 40.Ke4 Bxa5 41.Bxa5 Nc5+  0-1

[Event "Bled op"]
[Site "Bled"]
[Date "1998.??.??"]
[Round "4"]
[White "Braun, Marton"]
[Black "Alexander, Paco"]
[Result "1-0"]
[WhiteElo "2220"]
[BlackElo "2180"]

1.e4 c5 2.Nf3 d6 3.Bb5+ Bd7 4.Bxd7+ Qxd7 5.O-O Nf6 6.Re1 Nc6 7.c3 e6 8.d4 d5
9.e5 Ne4 10.Nbd2 Nxd2 11.Bxd2 cxd4 12.cxd4 Be7 13.h4 Rc8 14.h5 h6 15.a3 Qc7
16.Rc1 Qb6 17.Qa4 O-O 18.Rc3 a6 19.Rb3 Qa7 20.Rd3 b5 21.Qd1 Qb6 22.g4 Na5
23.b3 Nc6 24.Bc1 b4 25.a4 Na5 26.g5 hxg5 27.Nxg5 f5 28.Nh3 Rc3 29.Bb2 Rxd3
30.Qxd3 Nc6 31.Nf4 Nd8 32.Qg3 Qc6 33.Ng6 Rf7 34.Rc1 Qe8 35.Kg2 f4 36.Nxe7+ Qxe7
37.Qf3 Qg5+ 38.Kf1 Rf5 39.Ke2 Nf7 40.Rc6 Qh6 41.Rxa6 Ng5 42.Qd3 f3+ 43.Kd1 Ne4
44.Kc2 Nxf2 45.Qxf5 exf5 46.Rxh6 gxh6 47.Kd2 Ne4+ 48.Ke1 Kf7 49.a5 Nc3 50.a6 Nb5
51.Kf2 Ke7 52.Kxf3 Kd7 53.Kf4 Ke6 54.Ke3 Kd7 55.Bc1 Kc6 56.Kd3 Nc7 57.Bxh6 Nxa6
58.Bg7 Nc7 59.h6 Ne6 60.h7 Nf4+  1-0